000
00328 a2200157 4500
001
181992
020
_a
040
_c
Magnum
100
_a
Campos, Clarimundo F.
240
1
0
_a
A heroina do soco so
_l
por
245
1
0
_a
A heroina do soco so
362
0
_a
1899
440
1
_a
LĂȘ
697
_a
MAGNITO: IJ/GERAL
942
_c
BK
999
_c
181992
_d
181992